000 00962 a2200217 4500
001 63310
005 20260407155930.0
008 260407a1969 arg spa d
003 AR-UNSa-BCEJYS
040 _aAR-UNSa-BCEJYS
_bspa
_cAR-UNSa-BCEJYS
080 _a510
_xConsideraciones fundamentales y generales de las matemáticas
245 1 0 _aIntroducción a la matemática moderna
264 1 _aMadrid :
_bAguilar
_c1969
300 _axvi, 608 p.
_c21 cm.
505 _a1. Preliminares - 2. Sistemas de números - 3. Polinomios - 4. Conjuntos - 5. Proposiciones y probabilidad - 6. Grupos y cuerpos - 7. Relaciones y funciones - 8. Geometrías - 9. Limites y continuidad - 10. Cálculo - 11. Desarrollos - 12. Funciones elementales - 13. Algebra lineal - 14. Sistemas lineales - 15. Algunos desarrollos formales.
041 _aspa
942 _cBK
590 _aniveau_biblio:m niveau_hierar:0
100 1 _aAllen, R.G.D.
700 1 _aGarcía Araez, Rafael
999 _c8109
_d8109